Church, state, and the control of schooling in Ireland, 1900-1944 (Record no. 189160)
[ view plain ]
| 000 -LEADER | |
|---|---|
| fixed length control field | 01439nam a2200349 a 4500 |
| 082 04 - DEWEY DECIMAL CLASSIFICATION NUMBER | |
| Classification number | 377/.09415 |
| 100 1# - MAIN ENTRY--AUTHOR NAME | |
| Personal name | Titley, E. Brian. |
| 245 10 - TITLE STATEMENT | |
| Title | Church, state, and the control of schooling in Ireland, 1900-1944 |
| 260 ## - PUBLICATION, DISTRIBUTION, ETC. (IMPRINT) | |
| Place of publication | Kingston [Ont.] : |
| Name of publisher | McGill-Queen's University Press : |
| -- | Gill and Macmillan, |
| Year of publication | c1983. |
| 300 ## - PHYSICAL DESCRIPTION | |
| Number of Pages | xi, 212 p. |
| 650 #0 - SUBJECT ADDED ENTRY--TOPICAL TERM | |
| Topical Term | Church and education |
| Topical Term | Education |
| 856 40 - ELECTRONIC LOCATION AND ACCESS | |
| Uniform Resource Identifier | http://site.ebrary.com/lib/rucke/Doc?id=10577798 |
No items available.
